000 00639nam a2200265Ia 4500
005 20260121172004.0
008 008 260114s9999 xx 000 0 eng d
020 _a9783030498566
037 _aEBOOK
040 _aCRL
040 _beng
040 _cCRL
041 _2eng
041 _aeng
084 _qCRL
100 _aTariq Aftab, Khalid Rehman Hakeem
_91082923
245 0 _aPlant Micronutrients
260 _bSpringer
260 _bSpringer
260 _c2020
856 _uhttps://link.springer.com/openurl?genre=book&isbn=978-3-030-49856-6
942 _cEBOOK
999 _c1648657
_d1648657